000 00523nab a2200193 4500
001 244442
003 OSt
005 20230516094718.0
007 tu
008 200917s2020|||||||
040 _aDE-2950
_cDE-2950
245 0 0 _aRappelvolle Tanzfläche.
_bÜ-12-Party im Kamea in Frankfurt /
_cRené Matschkowiek
264 _c2023
653 _aFrankfurt (Oder)
653 _aKinderdisco
653 _aFerdijan Maksuti
773 0 _g34. Jahrgang (2023) Nr. 105 vom 06.05.2023, S. 1
_tMärkische Oderzeitung
942 _2z
_cA
999 _c372451
_d372451